[Event "Sigeman & Co 05th"]
[Site "Malmo"]
[Date "1997.06.16"]
[Round "7"]
[White "Akesson, Ralf"]
[Black "Hansen, Curt"]
[Result "1/2-1/2"]
[WhiteElo "2515"]
[BlackElo "2605"]
[Annotator "Lutz,C"]
[PlyCount "47"]
[EventDate "1997.06.10"]
[EventType "tourn"]
[EventRounds "9"]
[EventCountry "SWE"]
[EventCategory "13"]
[SourceTitle "CBM 060"]
[Source "ChessBase"]
[SourceDate "1997.09.29"]
[SourceVersion "1"]
[SourceVersionDate "1997.09.29"]
[SourceQuality "1"]

1. d4 d5 2. c4 c6 3. Nf3 Nf6 4. Nc3 e6 5. e3 Nbd7 6. Qc2 Bd6 7. Be2 O-O 8. O-O
Re8 9. Rd1 Qe7 10. a3 b6 11. e4 Nxe4 12. Nxe4 dxe4 13. Qxe4 Bb7 14. Bf4 Bxf4
15. Qxf4 e5 $1 $146 {Mit dieser Neuerung gleicht Schwarz völlig aus. Nach 15...
c5 hat Weiß einen Minimalvorteil :} (15... c5 16. Qc7 Rab8 17. b4 (17. Ne5 Nxe5
18. Qxe7 Nf3+ 19. gxf3 Rxe7 20. dxc5 bxc5 21. b4 Kf8 22. Rd2 Rc7 23. f4 Ke7 24.
f3 Rd8 25. Rxd8 {Dokhoian,Y-Bangiev,A/BL9293 1993/BL 90/1/2-1/2 (45)}) 17...
Rec8 18. Qf4 Bxf3 19. Bxf3 cxd4 20. Qxd4 Rc7 21. Be2 Rbc8 22. Ra2 h6 23. Rad2
Nf6 24. Qe5 Rd7 25. Rxd7 Nxd7 26. Qd4 Nf6 {Karpov,A-Kamsky,G/Fide-Wch 1996/CBM
54/[Ftacnik]/1/2-1/2 (66)}) 16. Nxe5 Nxe5 17. Qxe5 Qxe5 18. dxe5 Rxe5 19. Bf3
Kf8 $1 {Dank dieser einfachen Verbesserung gegenüber einer
Informator-Anmerkung hat Schwarz nichts mehr zu fürchten.} (19... Re7 $6 20. c5
$1 $14 {Bangiev, Informator 56/(480)}) (19... Rae8 $5 $11 {(Ftacnik) führt
ebenfalls zum Ausgleich.}) 20. Rd7 Rae8 21. h4 (21. Kf1 R8e7 22. Rad1 Re1+ $11)
21... R8e7 22. Rd8+ (22. Rad1 Re1+ 23. Rxe1 Rxd7 $11) 22... Re8 23. Rd7 R8e7
24. Rd8+ 1/2-1/2

[Event "FRA-chT Gp-A"]
[Site "France"]
[Date "2003.02.02"]
[Round "3"]
[White "Legky, Nikolay A"]
[Black "Vallejo Pons, Francisco"]
[Result "0-1"]
[WhiteElo "2507"]
[BlackElo "2629"]
[Annotator "Lutz,C"]
[PlyCount "58"]
[EventDate "2003.01.31"]
[EventType "team"]
[EventRounds "7"]
[EventCountry "FRA"]
[SourceTitle "CBM 094"]
[Source "ChessBase"]
[SourceDate "2003.05.26"]
[SourceVersion "1"]
[SourceVersionDate "2003.05.26"]
[SourceQuality "1"]
[WhiteTeam "Drancy"]
[BlackTeam "Paris NAO"]
[WhiteTeamCountry "FRA"]
[BlackTeamCountry "FRA"]

1. d4 d5 2. c4 e6 3. Nc3 c6 4. e3 Nf6 5. Nf3 Nbd7 6. Qc2 Bd6 7. b3 O-O 8. Bb2 (
8. Be2) 8... e5 9. cxd5 cxd5 10. dxe5 Nxe5 11. Be2 (11. Nb5) 11... Nxf3+ $1 12.
Bxf3 d4 $1 {Es ist schon seit längerem bekannt, dass dieses Bauernopfer
Schwarz gutes Spiel einräumt. Diese Partie ist eine weitere Bestätigung.} 13.
exd4 (13. Ne4 {Ftacnik} Nxe4 14. Bxe4 dxe3 15. O-O exf2+ 16. Qxf2 $44) 13...
Re8+ 14. Be2 (14. Ne2 Bb4+ 15. Bc3 (15. Kf1 Be6 16. Nf4 Rc8 17. Qd3 Bd7 18. h3
Qb6 19. a4 Qc7 20. g3 Qc2 21. Qxc2 Rxc2 $44 {1-0 Seirawan,Y-Speelman,J/
Roquebrune 1992/CBM 27 ext (44)}) 15... Bf5 $1 16. Qd2 (16. Qxf5 Bxc3+ {Ftacnik
}) 16... Bxc3 17. Qxc3 Rc8 18. Qb4 Bd3 $17 {Ftacnik}) (14. Kf1 Qa5 15. Qd1 (15.
a3 Bf5 16. Qd2 Rac8 (16... Rad8 17. h3 Be5 18. b4 Qb6 19. Ne2 Bb8 20. Rc1 Ne4
21. Bxe4 Bxe4 22. f3 Qf6 23. Rc3 Bc6 24. Kf2 Bb5 $17 {0-1 Osterman,R-Peschel,A/
Bled 1998/EXT 99 (44)}) 17. b4 Qa6+ 18. Kg1 Ne4 19. Bxe4 Bxe4 20. f3 Bd3 21.
Rc1 Be7 22. Kf2 Rcd8 $40 {0-1 Djurkovic,M-Videki,S/Finkenstein 1996/EXT 97 (35)
}) (15. Rd1 {Ftacnik} Bf5 16. Qd2 Rac8 $17) (15. Qd2 Bg4 16. Bxg4 Nxg4 17. h3
Nf6 18. Qd3 Rac8 19. h4 Ba3 20. Na4 Bxb2 21. Nxb2 Rc3 $36 {Doettling,F-Borgo,G/
Mitropa Cup Charleville 2000}) (15. h3 Bf5 16. Qd2 Bb4 17. a3 Bxc3 18. Bxc3
Qb5+ 19. Kg1 Qxb3 20. d5 Ne4 21. Bxe4 Rxe4 22. Kh2 {1/2-1/2 Kharitonov,
A-Lukacs,P/Makarczyk mem 1980}) 15... Bb4 16. Rc1 Bd7 17. a3 Bxc3 18. Rxc3 Nd5
19. Bxd5 Qxd5 20. a4 Rac8 $40 {0-1 Kortschnoj,V-Beliavsky,A/Leon 1994/CBM 42/
[Ftacnik] (31)}) (14. Ne2 Bb4+ 15. Bc3 (15. Kf1 Be6 16. Nf4 Rc8 17. Qd3 Bd7 18.
h3 Qb6 19. a4 Qc7 20. g3 Qc2 21. Qxc2 Rxc2 22. Ba3 Bxa3 23. Rxa3 g5 24. Nd3 Rc3
25. Ne5 Rxf3 26. Nxf3 Bc6 27. d5 Nxd5 28. Nxg5 Ne3+ 29. fxe3 Bxh1 30. Kf2 Rc8
31. g4 Rc2+ 32. Kg3 h6 33. Nf3 Rc3 34. Kf4 Bxf3 35. Kxf3 a5 36. Kf4 Kg7 37. Ke4
Kf6 38. Kd4 Rc2 39. b4 Rb2 40. bxa5 Kg5 41. e4 Kh4 42. Rf3 Rb4+ 43. Kd5 Rxa4
44. Rxf7 {[time]. 1-0 Seirawan,Y-Speelman,J/Roquebrune 1992/CBM 27 ext (44)})
15... Bf5 $1 16. Qd2 (16. Qxf5 Bxc3+) 16... Bxc3 17. Qxc3 Rc8 18. Qb4 Bd3 $17)
14... Bg4 15. f3 Bh5 16. Kf2 (16. O-O Qc7 17. h3 Nd5 $36) 16... Bf4 17. g3
Qxd4+ $36 {Schwarz hat den Bauern zurückgewonnen, bei anhaltendem Angriff.} 18.
Kg2 Qd2 19. Qxd2 Bxd2 20. Bd1 Rac8 21. Nb5 Rcd8 22. Bxf6 gxf6 23. Nxa7 $6 {
Extrem riskant. Der weiße Springer begibt sich auf Abwege, um einen
irrelevanten Bauern zu nehmen} (23. f4 $5 Be2 24. Bxe2 Rxe2+ 25. Kf1 Rde8 26.
Nd6 $132) 23... Be3 (23... Rd5 $5 {droht direkt den Springerfang} 24. a4 Ra8
25. f4 Rxa7 (25... Bc3 26. Bxh5 Bxa1 27. Be2 Rd2 28. Kf3 Rb2 29. Bc4 Rxa7 30.
Rxa1 b5 $17) 26. g4 Bg6 27. f5) 24. Nb5 Rd2+ 25. Kh3 Re5 26. a4 Rf2 27. Nd6 $2
(27. f4 $5 Bxf4 28. Nd6 Bxd1 29. Raxd1 Rh5+ 30. Kg4 Rg5+ 31. Kh4 Rg6 32. gxf4
Rxf4+ 33. Kh3 Rf3+) 27... Bg6 28. g4 $2 (28. f4 Re6 29. f5 Rxd6 30. fxg6 f5 31.
gxf7+ Kg7 32. Bh5 Rh6 33. Kh4 Bd4 $17) 28... Bf4 $19 29. a5 Re1 0-1

[Event "ESP-chT Honor Gp2 49th"]
[Site "Sant Lluis"]
[Date "2005.09.01"]
[Round "2"]
[White "Sasikiran, Krishnan"]
[Black "Dreev, Alexey"]
[Result "1/2-1/2"]
[WhiteElo "2652"]
[BlackElo "2698"]
[Annotator "Lutz,C"]
[PlyCount "76"]
[EventDate "2005.08.31"]
[EventType "team"]
[EventRounds "5"]
[EventCountry "ESP"]
[SourceTitle "CBM 109"]
[Source "ChessBase"]
[SourceDate "2005.11.14"]
[SourceVersion "1"]
[SourceVersionDate "2005.11.14"]
[SourceQuality "1"]

1. d4 d5 2. c4 c6 3. Nc3 Nf6 4. Nf3 e6 5. e3 Nbd7 6. Qc2 Bd6 7. g4 dxc4 8. Bxc4
e5 9. g5 (9. Bd2) 9... Nd5 10. Ne4 {This move is not considered particularly
dangerous for Black. The more critical moves are 10.Bd2 or 9.Bd2. Dieser Zug
gilt als nicht besonders gefährlich für Schwarz. Kritischer sind 10.Bd2 bzw. 9.
Bd2.} (10. Bd2) 10... Bb4+ {10...Bc7 has been played less often, but is
presumably no weaker. 10...Bc7 wurde seltener gespielt, ist aber vermutlich
nicht schwächer.} (10... Bc7 $5 11. Bd2 exd4 12. Nxd4 Ne5 13. Be2 O-O 14. O-O-O
Ba5 (14... Bb6 15. h4 Qe7 16. h5 c5 17. Nb5 Be6 18. Kb1 Nb4 19. Bxb4 cxb4 $132
20. Rhg1 Kh8 21. Nbd6 Rac8 22. Qa4 Rcd8 23. Ka1 Bd7 24. Bb5 Bg4 25. Rd5 Bf3 26.
Qb3 Qe6 27. Rd2 Bxh5 28. Rc1 Qxb3 29. axb3 Bf3 30. Be2 Bxe4 31. Nxe4 Rxd2 32.
Nxd2 g6 33. Ne4 Kg7 34. Kb1 h6 35. gxh6+ Kxh6 36. Nf6 Rd8 37. Ng4+ Nxg4 {
1/2-1/2 Sargissian,G-Gormally,D/Caleta 2005/CBM 104 ext (37)}) 15. Rdg1 $2 (15.
Kb1 $5) 15... Bxd2+ 16. Qxd2 Qe7 $40 17. Ng3 Rd8 18. Kb1 c5 19. Ndf5 Bxf5+ 20.
Nxf5 Qe6 {0-1 Dobrov,V-Shirov,A/Tallinn 2005/CBM 105/[Lutz] (20)}) 11. Bd2
Bxd2+ 12. Qxd2 Qe7 13. Bb3 (13. O-O-O N7b6 14. Bb3 Bg4 15. Qe2 (15. Nxe5 $6
Bxd1 16. Qxd1 O-O-O 17. Qg4+ Kb8 18. h4 Ka8 19. Nc5 f6 $15 {0-1 Marin,
M-Stripunsky,A/Bucharest 1994/CBM 40 (38)}) 15... exd4 (15... O-O-O 16. dxe5
Bxf3 17. Qxf3 Qxe5 18. Rd4 f5 19. gxf6 Nxf6 20. Rxd8+ Rxd8 21. Nxf6 gxf6 22.
Qh3+ f5 23. Qxh7 Nc4 24. Bxc4 Qe4 25. Rg1 Qxc4+ 26. Kb1 Qd3+ 27. Kc1 Qd2+ 28.
Kb1 Qd3+ {1/2-1/2 Aronian,L-Gormally,D/Caleta 2005/CBM 104 ext (28)}) 16. Rxd4
Be6 $2 (16... O-O-O 17. Nd6+ Rxd6 18. Rxg4 Rhd8 $11) 17. Rhd1 O-O-O 18. Qc2 Bg4
$6 (18... Kb8 $5) 19. Nd6+ Rxd6 20. Rxg4 g6 $2 (20... Kb8 $5 {Lutz}) 21. Rgd4
Rhd8 (21... Rdd8) 22. Qc5 $1 $18 {1-0 Bluvshtein,M-Novikov,I/Montreal 2004/CBM
103/[Lutz] (28)}) (13. Rg1 $5 N7b6 14. Bb3 exd4 15. Qxd4 Bf5 16. Ng3 Bg6 17. h4
$14 {1-0 Hellsten,J-Filippov,V/Gistrup 1996/CBM 55/[Lutz] (45)}) (13. a3 N7b6
14. Ba2 Bh3 15. Rg1 exd4 16. Qxd4 O-O-O $36 {1/2-1/2 Aleksandrov,A-Nakamura,H/
Tripoli 2004/CBM 102/[Lutz] (29)}) (13. Bxd5 $6 cxd5 14. Nc3 (14. Ng3 e4 15.
Nf5 Qf8 16. N3h4 g6) 14... e4 15. Ne5 (15. Nxd5 $2 Qd6 16. Qa5 b6 $19) 15...
Nb6) (13. dxe5 Nxe5 14. Nxe5 Qxe5 15. Bxd5 cxd5 16. Nc3 Be6 17. f4 Qf5 18.
O-O-O Rc8 19. Qd3 Qxd3 20. Rxd3 h6 $132 {0-1 Johannesson,I-Gormally,D/Caleta
2005/CBM 104 ext (38)}) 13... O-O 14. O-O-O exd4 $146 {An innovation which
solves Black's problems. Eine Neuerung, die die schwarzen Probleme löst.} (
14... Re8 {led to a game with a study-like ending. führte zu einer Partie mit
einem studienartigem Endspiel.} 15. Rhg1 exd4 16. exd4 Qxe4 17. Rde1 Qxf3 18.
Rxe8+ Nf8 19. Bxd5 cxd5 20. Rge1 a5 21. Qe3 Qxe3+ 22. R1xe3 b5 23. Rc3 Bb7 24.
Rxa8 Bxa8 25. Rc8 Bb7 26. Rc7 Ba8 27. g6 $3 $18 {Prevents ...g7-g6 then Kg7.
Black cannot manage to shake himself free. Verhindert ...g7-g6 nebst ...Kg7.
Schwarz kommt nicht dazu, sich zu befreien.} fxg6 (27... hxg6 28. f4 g5 29. f5
$1) 28. f4 h5 29. Kd2 h4 30. Ke3 h3 31. b3 b4 32. Kf3 Ne6 33. Rc8+ Kf7 34. Rxa8
Nxd4+ 35. Kg4 Ne2 36. Rxa5 Nc3 37. Ra7+ Ke6 38. Ra6+ Ke7 39. Kf3 d4 40. Rxg6
Nxa2 41. Ke4 Kf7 42. Rb6 Nc1 43. Rxb4 d3 44. Ke3 Kg6 45. Kd2 Ne2 46. Kxd3 Ng3
47. hxg3 h2 48. f5+ {1-0 Mikhalevski,V-Kaganskiy,G/Ashdod 2004/CBM 103 ext (48)
}) 15. Qxd4 Re8 16. Ng3 Qc5+ 17. Kb1 Qxd4 18. Nxd4 N7b6 19. h4 Bg4 20. Rc1 a5
21. a3 a4 22. Ba2 Rad8 $11 {White has a space advantage on the kingside, but
Black's pieces are active and thus neither side can make real progress. Weiß
hat Raumvorteil am Königsflügel, aber die schwarzen Figuren sind aktiv und
daher kann keine Seite richtig Fortschritte machen.} 23. h5 Kf8 24. Rh4 Bc8 25.
Ka1 Ne7 26. Nf3 Ned5 27. Ne4 h6 28. gxh6 gxh6 29. Nc5 Rd6 30. Nd4 Nf6 31. Nd3
Re4 32. Rhh1 Re8 33. Rh4 Re4 34. Rhh1 Re8 35. Rh2 Nbd7 36. Rh4 Re4 37. Rhh1 Re8
38. Rh4 Re4 1/2-1/2

[Event "Bundesliga 0203"]
[Site "Germany"]
[Date "2003.01.11"]
[Round "8.2"]
[White "Bischoff, Klaus"]
[Black "Gabriel, Christian"]
[Result "1/2-1/2"]
[WhiteElo "2554"]
[BlackElo "2562"]
[Annotator "Lutz,C"]
[PlyCount "66"]
[EventDate "2002.10.19"]
[EventType "team-tourn"]
[EventRounds "15"]
[EventCountry "GER"]
[SourceTitle "CBM 093"]
[Source "ChessBase"]
[SourceDate "2003.04.01"]
[SourceVersion "1"]
[SourceVersionDate "2003.04.01"]
[SourceQuality "1"]
[WhiteTeam "Plauen"]
[BlackTeam "Stuttgart"]
[WhiteTeamCountry "GER"]
[BlackTeamCountry "GER"]

1. c4 c6 2. d4 d5 3. e3 Nf6 4. Nc3 e6 5. Nf3 Nbd7 6. Qc2 Bd6 7. b3 O-O 8. Be2
e5 9. Bb2 {Die Spezialität von Klaus Bischoff, die allerdings Weiß keinen
Vorteil gibt. Die Hauptvariante ist 9.cxd5:} (9. cxd5 cxd5 (9... Nxd5 $6 10.
Nxd5 cxd5 11. dxe5 Nxe5 12. Bb2 $1 (12. O-O $2 Nxf3+ 13. Bxf3 Qh4 14. h3 (14.
g3 Qf6) 14... Bxh3) 12... Nxf3+ 13. Bxf3 Bb4+ 14. Kf1 $1 Be6 15. Qd3 $14 {
Rustemov,A-Fillipov,V/Minsk 1996/[Lutz] Diese Stellung ist etwas besser für
Weiß. Nach dem der Rh1 ins Spiel kommt, wirkt sich der Isolani d5 aus.}) 10.
Nb5 Bb4+ 11. Bd2 Bxd2+ 12. Nxd2 a6 13. dxe5 Nxe5 14. Nd4 Bg4 $1 {Tauscht den
potentiell schlechten Läufer ab. Wenn nur noch Springer auf dem Brett sind,
ist die Schwäche des Isolanis nicht so gravierend.} 15. Bxg4 Nexg4 16. O-O Rc8
$11 {Dautov,R-Fridman,D/Essen 1999/[Dautov]}) 9... exd4 (9... e4 $5 {ist
ebenfalls eine Alternative, da in der entstandenen Französich-artigen Struktur
der weiße Läufer auf b2 nicht so beeindruckend steht.} 10. Nd2 Re8 (10... a6 $5
) 11. cxd5 cxd5 12. Nb5 Nb8 13. Nxd6 Qxd6 14. h3 Nc6 15. O-O Bf5 16. Qc5 Qd7
17. Ba3 Rad8 18. Kh2 Qc7+ 19. Kg1 Qd7 20. Kh2 h5 $13 {1/2-1/2 Bischoff,
K-Mueller,K/Gladenbach 1997/CBM 61 ext (43)}) 10. Nxd4 dxc4 11. Bxc4 Ne5 12.
Be2 Qe7 13. h3 Ng6 $146 (13... Ba3 14. Bxa3 Qxa3 15. O-O Qc5 (15... Re8 $5 {
/\ ...Bd7, ...Rad8}) 16. Qb2 Ng6 17. Nf3 Be6 18. Rfc1 Qe7 19. Nd4 Rfd8 20. Bf1
Nh4 21. Nxe6 Qxe6 22. Ne2 Ne4 $13 {1-0 Bischoff,K-Hansen,L/Bad Woerishofen
1992/TD (38)}) 14. O-O-O $5 (14. O-O Nh4 {ist riskant für Weiß, da alle
schwarzen Leichtiguren auf den Königsflügel gerichtet sind.}) 14... Ba3 15.
Bxa3 Qxa3+ 16. Kb1 a5 17. g4 {Beide Seiten setzen auf den Angriff.} Qb4 18. Qb2
Be6 19. Rc1 {Weiß zentralisiert seine Kräfte.} Ne7 20. Rhd1 Ned5 21. Na4 Qe7
22. Bf3 Nd7 23. Bxd5 $11 {Leitet eine Serie von Abtäuschen ein, die die Partie
verflachen lässt.} Bxd5 24. Nc3 Be6 25. Nxe6 Qxe6 26. Rd4 {Weiß hat zwar den
unsichereren König, aber dafürt kontrolliert er die d-Linie.} Nb6 27. Rcd1 h6
28. Qc2 Rfe8 29. Kb2 Qe7 30. Ne4 Nd5 31. Nc3 Nb6 32. Ne4 Nd5 33. Nc3 Nb6
1/2-1/2

[Event "Lee Cup 4th"]
[Site "Beijing"]
[Date "1997.08.27"]
[Round "4"]
[White "Wang, Yaoyao"]
[Black "Zhu, Chen"]
[Result "1-0"]
[WhiteElo "2430"]
[BlackElo "2515"]
[Annotator "Lutz,C"]
[PlyCount "85"]
[EventDate "1997.08.23"]
[EventType "swiss"]
[EventRounds "11"]
[EventCountry "CHN"]
[SourceTitle "CBM 061"]
[Source "ChessBase"]
[SourceDate "1997.11.23"]
[SourceVersion "1"]
[SourceVersionDate "1997.11.23"]
[SourceQuality "1"]

1. d4 d5 2. c4 c6 3. Nf3 Nf6 4. Nc3 e6 5. e3 Nbd7 6. Qc2 Bd6 7. g4 dxc4 8. g5
Nd5 9. Bxc4 b6 {Die Feinheit von 9...b6 gegenüber 9...b5 besteht darin, daß
das Feld c5 nicht geschwächt wird. 9...Nxc3 ist hier auch gut möglich,
deswegen spielt Weiß häufig 8.Bxc4 statt 8.g5.} (9... b5) (9... Nxc3) 10. Bd2 (
10. e4 Nxc3 11. bxc3 Bb7 12. Qe2 b5 13. Bb3 Qc7 14. a4 c5 15. Bd2 bxa4 16. Bxa4
O-O 17. h4 f5 18. gxf6 Rxf6 19. Ng5 h6 20. Nh3 Raf8 21. Bb3 Ba8 22. Bc4 Qb7 23.
Bd3 cxd4 24. cxd4 Bb4 $40 {Costa,J-Van der Werf,M/Mitropa Cup 1995/EXP 46/0-1 
(50)}) (10. Ne4 Be7 11. Qe2 Bb7 12. Ng3 b5 13. Bb3 N5b6 14. e4 c5 15. Be3 O-O
16. Rd1 Qc7 17. h4 cxd4 18. Nxd4 Nc4 19. g6 hxg6 20. h5 g5 21. Nxb5 Qa5+ 22.
Nc3 Nxe3 23. Qxe3 Ne5 24. Kf1 Qb6 25. Qxb6 axb6 $17 {0-1 Koch,T-Ruzele,D/
Berliner Sommer 1995/EXP 47 (32)}) 10... Bb7 11. Qe4 b5 12. Be2 a6 13. Qg4 Nxc3
14. Bxc3 b4 15. Bd2 Rc8 16. Rg1 O-O 17. g6 $5 {In der Erkenntnis, daß nach ...
c6-c5 Schwarz die Initiative übernimmt, setzt Weiß alles auf eine Karte.} hxg6
18. Ng5 Nf6 19. Qh4 c5 20. f4 cxd4 21. Rg3 Re8 22. Rh3 Kf8 23. Qh8+ Ng8 $4 (
23... Ke7 24. Qxg7 Rf8 $13) {[%tqu "De","Wie kann Weiß seinen Angriff
abschließen ?","","","h3h7","Weiß läßt sich die Gelegenheit zu einem
spektakulären Matt entgehen.",0,"h8g7","",10]} 24. Rh7 $4 {Weiß läßt sich die
Gelegenheit zu einem spektakulären Matt entgehen.} (24. Qxg7+ $1 Kxg7 25. Rh7+
Kf6 26. Rxf7#) 24... Qf6 25. Rxg7 Qxg7 26. Nh7+ Qxh7 27. Qxh7 Rc2 $19 28. Bd3
Rxb2 29. Bxg6 Re7 30. Bd3 f6 31. Qh3 e5 32. Bc1 Rg2 33. e4 Reg7 34. f5 R2g4 35.
Kf2 Bxe4 36. Bxe4 Rxe4 37. Bd2 Reg4 38. Rc1 e4 39. Ke2 Rg2+ 40. Kd1 Rxh2 41.
Rc8+ Ke7 42. Qb3 Rg1+ 43. Be1 1-0

[Event "Asia-ch 4th"]
[Site "Doha"]
[Date "2003.03.01"]
[Round "8"]
[White "Kotsur, Pavel"]
[Black "Barua, Dibyendu"]
[Result "0-1"]
[WhiteElo "2586"]
[BlackElo "2541"]
[Annotator "Lutz,C"]
[PlyCount "24"]
[EventDate "2003.02.22"]
[EventType "swiss"]
[EventRounds "9"]
[EventCountry "QAT"]
[SourceTitle "CBM 094"]
[Source "ChessBase"]
[SourceDate "2003.05.26"]
[SourceVersion "1"]
[SourceVersionDate "2003.05.26"]
[SourceQuality "1"]

1. d4 d5 2. c4 e6 3. Nc3 Nf6 4. Nf3 c6 5. e3 Nbd7 6. Qc2 Bd6 7. g4 Nxg4 8. Rg1
h5 9. h3 Nh6 10. Rxg7 $4 {Es ist erstaunlich, dass einem so starken Spieler
wie Pavel Kotsur ein derartiger Einsteller unterläuft. Noch erstaunlicher ist,
dass dieser Fehler bereits in einigen Vorgängerpartien auftrat. Nach 10.e4
oder 10.Bd2 hat Weiß genügend Kompensation für den Bauern.} (10. e4 dxe4 11.
Nxe4 Bb4+ 12. Bd2 Bxd2+ 13. Qxd2 Nf6 14. Nc3 (14. Neg5 Nf5 15. O-O-O O-O 16.
Bd3 Qc7 17. Rg2 Ne8 18. Rdg1 f6 19. Ne4 Qf7 20. Ng3 $40 {1-0 Djurhuus,
R-Engedal,K/Skei 1993/CBM 36 (29)}) 14... Nf5 15. O-O-O Kf8 16. Bd3 Bd7 17. Ne5
Be8 18. Ne2 Rh7 19. Bxf5 exf5 20. Ng3 $40 {Shirov,A-Akopian,V/Oakham 1992/
[Knaak]}) (10. Bd2 $5 g6 11. e4 dxe4 12. Nxe4 Be7 13. O-O-O Nf6 14. Neg5 Nf5
15. Bd3 O-O 16. Ne5 Ne8 17. Nxe6 Bxe6 18. Bxf5 Bxf5 19. Qxf5 Ng7 20. Qe4 Bf6
21. Bc3 Kh7 22. d5 cxd5 23. Rxd5 Qe7 24. Nd7 Bg5+ 25. Rgxg5 {1-0 Conquest,
S-Navarrete Delgado,S/Pamplona 2000/EXT 2001 (25)}) 10... Qf6 {So einfach ist
das: Schwarz greift Rg7 und Nf3 an.} 11. Rh7 Rxh7 12. Qxh7 Nf8 {Nach dem
Rückzug der weißen Dame schlägt Schwarz auf f3, mit einer glatten Mehrfigur.}
0-1

[Event "Moscow Aeroflot op-A"]
[Site "Moscow"]
[Date "2006.02.14"]
[Round "7"]
[White "Malakhov, Vladimir"]
[Black "Fressinet, Laurent"]
[Result "1-0"]
[WhiteElo "2694"]
[BlackElo "2625"]
[Annotator "Lutz,C"]
[PlyCount "165"]
[EventDate "2006.02.08"]
[EventType "swiss"]
[EventRounds "9"]
[EventCountry "RUS"]
[SourceTitle "CBM 112"]
[Source "ChessBase"]
[SourceDate "2006.06.07"]
[SourceVersion "1"]
[SourceVersionDate "2006.06.07"]
[SourceQuality "1"]

1. d4 d5 2. c4 c6 3. Nf3 Nf6 4. e3 a6 5. Nc3 e6 6. b3 Bb4 7. Bd2 Nbd7 8. Bd3
O-O 9. O-O Bd6 10. Rc1 {Dieser Zug wurde seltener gespielt als 10.Qc2. Die
Idee ist jedoch ähnlich, Weiß will die Spannung im Zentrum aufrechthalten.} (
10. Qc2 {1/2-1/2 Sokolov,I-Najer,E/Poikovsky 2006/CBM 112/[Lutz] (49)}) 10...
h6 (10... e5 11. cxd5 cxd5 12. dxe5 Nxe5 13. Nxe5 Bxe5 14. Ne2 Ng4 $6 15. h3
Nf6 16. Bc3 Qe7 17. Qc2 Bxc3 18. Qxc3 Bd7 19. Nd4 Rfc8 20. Qa5 Qd6 21. Be2 $14
{1-0 Dreev,A-Godena,M/Warsaw 2005/CBM 108 (58)}) (10... Re8 11. h3 e5 12. dxe5
Nxe5 13. Nxe5 Bxe5 14. cxd5 cxd5 15. Ne2 Be6 16. Bc3 Bxc3 17. Rxc3 Qa5 18. Qc2
Rac8 19. Rc1 Rxc3 20. Qxc3 Qxc3 21. Rxc3 $14 {0-1 Korotylev,A-Potkin,V/Sochi
2004/EXT 2005 (50)}) 11. h3 Re8 12. Qc2 e5 (12... b6 $2 13. cxd5 cxd5 14. Nxd5
$1 Bb7 (14... exd5 15. Qc6 $16) (14... Nxd5 15. Qc6 $16) 15. Nxf6+ Nxf6 16. e4
$16 {0-1 Gajewski,G-Potkin,V/Pardubice 2005/CBM 107 ext (43)}) 13. cxd5 cxd5
14. dxe5 Nxe5 15. Nxe5 Bxe5 {Wir haben wieder die für dieses Abspiel typische
Isolani-Stellung erreicht. Weiß hat das Problem, dass der Bd2 nicht harmonisch
steht.} 16. Ne2 Ne4 {So verhindert Schwarz Bd2-c3, was Weiß ein bequemes Plus
verschaffen würde.} 17. Be1 $146 (17. Rfd1 Bf5 18. Be1 Qb6 19. Nd4 Bxd4 20.
exd4 Rac8 $15 21. Qb1 Qg6 22. Rxc8 Rxc8 23. f3 Nd6 24. Bxf5 Qxf5 25. Qxf5 Nxf5
26. Rd2 f6 27. Kf1 Kf7 28. Ke2 Rc1 29. g4 Ne7 30. Rd1 Rc2+ 31. Rd2 Rc1 32. Rd1
Rxd1 33. Kxd1 Nc6 34. Bc3 Nd8 35. Bd2 Ne6 36. Be3 g6 37. Ke2 f5 38. gxf5 gxf5
39. Bxh6 f4 40. h4 Kg6 41. Bg5 Nxg5 {1/2-1/2 Navara,D-Motylev,A/Wijk aan Zee
2006/CBM 111(41)}) 17... Bb8 $5 {Es sieht falsch aus, den aktiven Be5
zurückzuziehen, aber andererseits kann Schwarz nun eine Läufer-Dame-Batterie
gegen den weißen König aufbauen.} (17... Bf5 $2 18. f3 Rc8 19. Qb1 Rxc1 20.
Nxc1 Bxh3 21. fxe4 Qg5 22. Qc2 $18) (17... Be6 $5 18. f3) 18. f3 Nf6 19. Qd2
Qe7 20. Bf2 Bd7 21. Rfe1 Qe5 22. Ng3 Ba7 23. Qb4 Rac8 24. Rxc8 Bxc8 25. Nf1 Nd7
26. Rc1 Qe6 27. Bb1 Ne5 28. Rd1 Rd8 29. Ng3 Qf6 {Schwarz hat genügend
Gegenspiel. Der Isonalin wird durch die Schwäche des Pe3 kompensiert.} 30. f4
Nc6 31. Qd2 Qe7 32. Qc3 g6 33. Nf1 d4 $5 {So löst Schwarz den Isolani auf.} 34.
exd4 Qf6 35. Ng3 Bxd4 $6 {Schwarz geht in ein schlechteres Endspiel über.} (
35... Qxf4 $5 $11) 36. Bxd4 Rxd4 37. Rxd4 Qxd4+ 38. Qxd4 Nxd4 39. Kf2 $14 Kf8
40. Ke3 Nc6 41. f5 Kg7 42. fxg6 fxg6 43. Ne4 b6 44. Nd6 Bd7 45. Nc4 b5 46. Nd6
g5 47. Nf5+ Kg6 48. Be4 Nd8 49. g4 a5 50. Kd4 Ne6+ 51. Ke5 Nf4 52. h4 Bxf5 53.
Bxf5+ Kf7 54. a3 Ke7 55. Be4 Ne2 56. hxg5 hxg5 57. Bd3 Nc1 58. Bc2 Ne2 59. Kd5
Nf4+ 60. Kc6 Ne6 61. Bd1 b4 62. a4 Nd4+ 63. Kc5 Ne6+ 64. Kb6 Kd6 65. Kxa5 Kc5
66. Be2 Nd4 67. Bc4 Nc6+ 68. Ka6 Nb8+ 69. Kb7 Nc6 70. Kc7 Na5 71. Be6 Nc6 72.
Kd7 Na5 73. Ke7 Kd4 74. Kd6 Kc3 75. Kc5 Nxb3+ 76. Bxb3 Kxb3 77. a5 Kc3 78. a6
b3 79. a7 b2 80. a8=Q b1=Q 81. Qf3+ Kd2 82. Qf2+ Kc3 83. Qd4+ 1-0